Statistics for Lord of the Rings Trivia

Click here to take the quiz!

General Stats

  • This quiz has been taken 43,046 times
  • The average score is 19 of 25

Answer Stats

HintAnswer% Correct
Frodo's uncleBilbo
96%
What Gollum calls the ringMy Precious
95%
One Ring to ____ them allRule
94%
Type of being: SmaugDragon
91%
Author of The Lord of the RingsJ.R.R. Tolkien
91%
Evil wizard of IsengardSaruman
90%
Gollum's original nameSméagol
88%
Creature that is big, stupid, and
turns to stone in sunlight
Troll
87%
Mountain whose fires can
destroy the ring
Mount Doom
87%
Type of being: TreebeardEnt
85%
And in the darkness ____ themBind
81%
Aragorn's ranger nameStrider
81%
Gandalf's horseShadowfax
78%
What Gandalf fights in MoriaBalrog
78%
Ruler of RivendellElrond
77%
Kingdom of the "horse-lords"Rohan
74%
Pippin's last nameTook
73%
One Ring to ____ themFind
73%
Frodo's daggerSting
72%
Mountain home to SmaugLonely Mountain
67%
Magical elven breadLembas
59%
One Ring to ____ them allBring
52%
Type of being: Gwaihir the WindlordEagle
52%
Elven realm home to GaladrielLothlórien
51%
Hobbit's meal between
2nd breakfast and luncheon
Elevenses
50%

Score Distribution

Percentile by Number Answered

Percent of People with Each Score

Your Score History

You have not taken this quiz